000
00288nam a2200121Ia 4500
008
230524s9999 xx 000 0 und d
100
_a
Chuck Easttom
245
0
_a
Computer Security Fundamentals
260
_b
Pearson
500
_a
Quantity Number: 2
650
_a
Comp-Sc
942
_c
BK
999
_c
50232
_d
50232